Selective Dissemination: Using S4 as a routing protocol in wireless sensor networks [Project BICSE2] (Record no. 9341)

000 -LEADER
fixed length control field 00624 a2200169 4500
003 - CONTROL NUMBER IDENTIFIER
control field NUST
038 ## - RECORD CONTENT LICENSOR
Staff Name azhar
082 ## - DEWEY DECIMAL CLASSIFICATION NUMBER
Classification number BICSE-2
100 ## - MAIN ENTRY--PERSONAL NAME
Personal name Qasim Mansoor
9 (RLIN) 92198
245 ## - TITLE STATEMENT
Title Selective Dissemination: Using S4 as a routing protocol in wireless sensor networks [Project BICSE2]
Statement of responsibility, etc. Qasim Mansoor
260 ## - PUBLICATION, DISTRIBUTION, ETC.
Place of publication, distribution, etc. Isalamabad,
Name of publisher, distributor, etc. NUST School of Electrical Engineering & Computer Science,
Date of publication, distribution, etc. 2008.
300 ## - PHYSICAL DESCRIPTION
Extent 46 p.
Other physical details : ill.
Dimensions ; 27 cm. +
Accompanying material CD-ROM
500 ## - GENERAL NOTE
General note Supervisors : Mr. Tahir Azeem, Dr. Syed Ali Khayam.
563 ## - BINDING INFORMATION
Binding note HB
856 ## - ELECTRONIC LOCATION AND ACCESS
Uniform Resource Identifier <a href="http://10.250.8.41:8080/xmlui/handle/123456789/8958">http://10.250.8.41:8080/xmlui/handle/123456789/8958</a>
942 ## - ADDED ENTRY ELEMENTS (KOHA)
Koha item type Project Report
Call number prefix BICSE-2 QAS
Source of classification or shelving scheme
Holdings
Withdrawn status Lost status Source of classification or shelving scheme Damaged status Not for loan Permanent Location Current Location Date acquired Full call number Barcode Date last seen Price effective from Koha item type Shelving location
WITHDRAWN         Central Library (CL) Central Library (CL) 07/04/2022 BICSE-2 QAS SEECSP00685 11/14/2012 11/14/2012 Project Report  
WITHDRAWN         Central Library (CL) Central Library (CL) 10/13/2020 621.38 CL-BP-527 10/13/2020 10/13/2020 Project Report Thesis
© 2023 Central Library, National University of Sciences and Technology. All Rights Reserved.